[Event "FRA-chT1 0910"]
[Site "France"]
[Date "2009.12.12"]
[Round "6.8"]
[White "Chauvet, Adele"]
[Black "Roumegous, Etienne"]
[Result "0-1"]
[WhiteElo "1470"]
[BlackElo "2165"]
[PlyCount "102"]
[EventDate "2009.09.27"]
[EventType "team-match"]
[EventRounds "11"]
[EventCountry "FRA"]
[SourceDate "2009.07.26"]

1. e4 e6 2. d4 d5 3. Nd2 Nc6 4. c3 e5 5. exd5 Qxd5 6. dxe5 Nxe5 7. Ngf3 Nd3+ 8.
Bxd3 Qxd3 9. Qa4+ Bd7 10. Qe4+ Qxe4+ 11. Nxe4 Bc6 12. Ned2 O-O-O 13. O-O g6 14.
Nd4 Bd5 15. N2b3 Bg7 16. Bf4 a6 17. Rfe1 Nf6 18. Re7 Rd7 19. Rae1 Kd8 20. Rxd7+
Nxd7 21. f3 Bxd4+ 22. cxd4 Bxb3 23. axb3 c6 24. Bg5+ f6 25. Bh4 Re8 26. Rxe8+
Kxe8 27. f4 Kf7 28. Kf2 Ke6 29. Ke3 Nb6 30. Ke4 Nc8 31. g4 Nd6+ 32. Ke3 f5 33.
h3 Ne4 34. Kd3 Kd5 35. Be1 fxg4 36. hxg4 Nf6 37. g5 Ne4 38. Ba5 c5 39. Bb6 cxd4
40. Bxd4 Nc5+ 41. Bxc5 Kxc5 42. Kc3 a5 43. Kd3 Kb4 44. Kc2 b6 45. Kb1 Kxb3 46.
Kc1 a4 47. Kb1 b5 48. Kc1 Kc4 49. Kc2 b4 50. Kb1 Kd3 51. Kc1 Ke3 0-1

[Event "FRA-chT1 0910"]
[Site "France"]
[Date "2009.12.12"]
[Round "6.1"]
[White "Jens, Jelmer"]
[Black "Shirazi, Kamran "]
[Result "0-1"]
[WhiteElo "2369"]
[BlackElo "2433"]
[PlyCount "116"]
[EventDate "2009.09.27"]
[EventType "team-match"]
[EventRounds "11"]
[EventCountry "FRA"]
[SourceDate "2009.07.26"]

1. e4 c5 2. Nf3 Nf6 3. Nc3 d5 4. exd5 Nxd5 5. Bb5+ Bd7 6. Ne5 Nf6 7. Nxd7 Nbxd7
8. d4 cxd4 9. Qxd4 a6 10. Be2 e5 11. Qd3 Qc7 12. O-O Nc5 13. Nd5 Nxd5 14. Qxd5
Rd8 15. Qf3 e4 16. Qh3 Bd6 17. Bg5 f6 18. Bh5+ Ke7 19. Be3 g6 20. Be2 h5 21.
Rad1 Ne6 22. c3 f5 23. Qh4+ Kf7 24. f3 Bf4 25. Bxf4 Nxf4 26. Bc4+ Kg7 27. Rxd8
Rxd8 28. fxe4 Qc5+ 29. Kh1 Qxc4 30. Qxf4 Re8 31. Re1 Qxa2 32. e5 Qxb2 33. Qd4
Qa3 34. e6+ Kh7 35. h3 Qe7 36. Qe5 Qg7 37. Qe3 Qf6 38. c4 Re7 39. c5 Kg7 40.
Qd3 f4 41. Qd5 Kh6 42. Rc1 f3 43. Qxf3 Qxf3 44. gxf3 Kg5 45. Kg2 Kf4 46. Kf2
Ke5 47. c6 bxc6 48. Rxc6 Rxe6 49. Rc5+ Kd4 50. Ra5 Kc3 51. Kg3 Kb4 52. Ra1 a5
53. Kf4 Rf6+ 54. Ke4 a4 55. f4 a3 56. Rg1 a2 57. Kd5 Rf5+ 58. Ke4 Ra5 0-1

[Event "FRA-chT1 0910"]
[Site "France"]
[Date "2009.12.12"]
[Round "6.2"]
[White "Babault, Patrice"]
[Black "Salgado Allaria, Carlos"]
[Result "1/2-1/2"]
[WhiteElo "2374"]
[BlackElo "2340"]
[PlyCount "71"]
[EventDate "2009.09.27"]
[EventType "team-match"]
[EventRounds "11"]
[EventCountry "FRA"]
[SourceDate "2009.07.26"]

1. e4 e6 2. d4 d5 3. Nc3 Bb4 4. e5 c5 5. a3 Bxc3+ 6. bxc3 Ne7 7. Qg4 Qc7 8.
Qxg7 Rg8 9. Qxh7 cxd4 10. Ne2 Nbc6 11. f4 Bd7 12. Qd3 dxc3 13. Rb1 O-O-O 14.
Rg1 d4 15. Nxd4 Nxd4 16. Qxd4 Kb8 17. Be3 b6 18. Qd6 Qxd6 19. exd6 Nf5 20. Bf2
Bc6 21. Rb3 Nxd6 22. Rxc3 Kb7 23. Rd3 Bd5 24. g4 Rc8 25. Kd1 Ne4 26. Bd4 Rcd8
27. Bg2 Rxg4 28. Bxe4 Bxe4 29. Rxg4 Bxd3 30. c3 Rd5 31. Rg5 Kc6 32. Kd2 Bg6 33.
Ke3 Rb5 34. h4 Rxg5 35. fxg5 Kd5 36. Bf6 1/2-1/2

[Event "FRA-chT1 0910"]
[Site "France"]
[Date "2009.12.12"]
[Round "6.4"]
[White "Pira, Davoud"]
[Black "Carton, Camille"]
[Result "1-0"]
[WhiteElo "2382"]
[BlackElo "2218"]
[PlyCount "57"]
[EventDate "2009.09.27"]
[EventType "team-match"]
[EventRounds "11"]
[EventCountry "FRA"]
[SourceDate "2009.07.26"]

1. d4 d5 2. c4 e6 3. Nc3 c6 4. e4 dxe4 5. Nxe4 Bb4+ 6. Bd2 Qxd4 7. Bxb4 Qxe4+
8. Be2 Ne7 9. Nf3 Nd5 10. Nd2 Qd4 11. Ba3 Nf4 12. O-O f6 13. Bf3 Kf7 14. Ne4
Qxd1 15. Rfxd1 e5 16. Nd6+ Kg6 17. h4 f5 18. g3 Ne6 19. g4 Nd4 20. h5+ Kf6 21.
Rxd4 exd4 22. g5+ Kxg5 23. Nf7+ Kf6 24. Nxh8 Na6 25. Re1 Be6 26. Bd6 Rxh8 27.
h6 Rd8 28. hxg7 c5 29. Bf8 1-0

[Event "FRA-chT1 0910"]
[Site "France"]
[Date "2009.12.12"]
[Round "6.5"]
[White "Gosset, Arnaud"]
[Black "Rihouay, Clement"]
[Result "1-0"]
[WhiteElo "2201"]
[BlackElo "2220"]
[PlyCount "103"]
[EventDate "2009.09.27"]
[EventType "team-match"]
[EventRounds "11"]
[EventCountry "FRA"]
[SourceDate "2009.07.26"]

1. Nf3 Nf6 2. c4 b6 3. d4 e6 4. g3 Ba6 5. Qa4 Bb7 6. Bg2 c5 7. dxc5 bxc5 8. O-O
Be7 9. Nc3 O-O 10. Rd1 Ne4 11. Nxe4 Bxe4 12. Bf4 Qb6 13. Rd2 d5 14. cxd5 Bxd5
15. Be5 Qb4 16. Qc2 Be4 17. a3 Bxc2 18. axb4 Be4 19. b5 a6 20. Ne1 Bxg2 21.
Nxg2 Ra7 22. b6 Rd7 23. Rxd7 Nxd7 24. Bc7 Rc8 25. Rd1 Nb8 26. Ne3 Kf8 27. Nc4
Ke8 28. Ra1 Kd7 29. Ne5+ Ke8 30. Nc4 Kd7 31. Bxb8 Rxb8 32. Rxa6 Kc6 33. Ra7 Bf6
34. Rxf7 Kb5 35. b3 Kb4 36. b7 Kb5 37. Rc7 Ka6 38. Rxc5 Kxb7 39. Rb5+ Kc7 40.
Rxb8 Kxb8 41. e4 Kc7 42. Kf1 Kc6 43. Ke2 Kc5 44. Kd3 Kb4 45. e5 Be7 46. Nd2 Bc5
47. f4 h5 48. h3 Bf2 49. Ne4 Bg1 50. Ng5 Bh2 51. Nxe6 Bxg3 52. Ke4 1-0

[Event "FRA-chT1 0910"]
[Site "France"]
[Date "2009.12.12"]
[Round "6.6"]
[White "Thomas, Ludovic"]
[Black "Tournier, Mathieu"]
[Result "0-1"]
[WhiteElo "2164"]
[BlackElo "2267"]
[PlyCount "64"]
[EventDate "2009.09.27"]
[EventType "team-match"]
[EventRounds "11"]
[EventCountry "FRA"]
[SourceDate "2009.07.26"]

1. e4 e5 2. Nf3 Nc6 3. Bc4 Nf6 4. d3 Bc5 5. c3 O-O 6. Bg5 h6 7. Bh4 d6 8. a4 a6
9. b4 Bb6 10. h3 a5 11. b5 Nb8 12. Nbd2 c6 13. Qb3 g5 14. Bg3 d5 15. Nxe5 dxc4
16. Ndxc4 Bc7 17. f4 Nh5 18. Bh2 Nxf4 19. Bxf4 gxf4 20. O-O-O Be6 21. Qb2 cxb5
22. Qxb5 Nc6 23. Ng4 Kg7 24. d4 Na7 25. Qb3 b5 26. axb5 Rb8 27. d5 Bxg4 28.
hxg4 Rxb5 29. Qa2 Qf6 30. Qc2 Rc5 31. Qd3 Nb5 32. Kc2 Rxc4 0-1

[Event "FRA-chT1 0910"]
[Site "France"]
[Date "2009.12.12"]
[Round "6.7"]
[White "Hardier, Bertrand"]
[Black "Lamorelle, Julien"]
[Result "0-1"]
[WhiteElo "2173"]
[BlackElo "2221"]
[PlyCount "70"]
[EventDate "2009.09.27"]
[EventType "team-match"]
[EventRounds "11"]
[EventCountry "FRA"]
[SourceDate "2009.07.26"]

1. d4 Nf6 2. c4 g6 3. Nc3 Bg7 4. e4 d6 5. f3 O-O 6. Be3 c6 7. Qd2 a6 8. Bd3 b5
9. Nge2 Nbd7 10. O-O e5 11. cxb5 axb5 12. Rfc1 b4 13. Nd1 exd4 14. Nxd4 c5 15.
Nb5 Qb6 16. Bf1 Ne8 17. a3 bxa3 18. Nxa3 Ne5 19. Nc3 Be6 20. Ncb5 f5 21. b4
fxe4 22. bxc5 Qd8 23. Nd4 Bf7 24. fxe4 dxc5 25. Rxc5 Ng4 26. e5 Bxe5 27. Rxe5
Nxe5 28. Bh6 Ng7 29. Qb2 Qf6 30. Be2 Nc6 31. Nab5 Nxd4 32. Nxd4 Rfb8 33. Qc3
Rxa1+ 34. Qxa1 Nf5 35. Bf4 Nxd4 0-1

[Event "FRA-chT1 0910"]
[Site "France"]
[Date "2009.12.12"]
[Round "6.8"]
[White "Lamorelle, Camille"]
[Black "Tissot, Alice"]
[Result "0-1"]
[WhiteElo "1773"]
[BlackElo "1856"]
[PlyCount "72"]
[EventDate "2009.09.27"]
[EventType "team-match"]
[EventRounds "11"]
[EventCountry "FRA"]
[SourceDate "2009.07.26"]

1. e4 c5 2. Nc3 Nc6 3. g3 d6 4. Bg2 Nd4 5. h3 Nf6 6. d3 g6 7. Nge2 Bg7 8. Bd2
Rb8 9. O-O O-O 10. Nxd4 cxd4 11. Ne2 e5 12. Kh2 d5 13. exd5 Nxd5 14. Qc1 Be6
15. Bh6 b6 16. Bxg7 Kxg7 17. Ng1 Rc8 18. a3 Qc7 19. Qe1 f6 20. Rc1 Qd7 21. Nf3
Qa4 22. b3 Qd7 23. Nd2 Rc7 24. Nc4 b5 25. Nd2 Rfc8 26. Qd1 Nc3 27. Qe1 Na2 28.
Ra1 Rxc2 29. Nf3 Bxb3 30. Qa5 Re2 31. Rae1 Rcc2 32. Rxe2 Rxe2 33. Rb1 Ba4 34.
Kg1 Nc3 35. Bf1 Ra2 36. Qb4 Nxb1 0-1

[Event "FRA-chT1 0910"]
[Site "France"]
[Date "2009.12.12"]
[Round "6.1"]
[White "Tripoteau, Nicolas"]
[Black "Picard, Romain"]
[Result "1-0"]
[WhiteElo "2406"]
[BlackElo "2376"]
[PlyCount "89"]
[EventDate "2009.09.27"]
[EventType "team-match"]
[EventRounds "11"]
[EventCountry "FRA"]
[SourceDate "2009.07.26"]
[WhiteTeam "Sautron"]

1. d4 e6 2. c4 b6 3. e4 Bb7 4. Bd3 f5 5. exf5 Bb4+ 6. Kf1 Nf6 7. Ne2 O-O 8. f3
Nc6 9. Be3 Kh8 10. a3 Bd6 11. Nbc3 exf5 12. Bxf5 Ne7 13. Bh3 Ng6 14. Ng3 Bf4
15. Bf2 d5 16. c5 bxc5 17. dxc5 Ba6+ 18. Kg1 Rb8 19. b4 Bc4 20. Nf5 a5 21. Rb1
axb4 22. axb4 Ra8 23. Nd4 Re8 24. Nc6 d4 25. Nxd8 dxc3 26. Qc2 Bd2 27. Be6 Bxe6
28. Nxe6 Rxe6 29. g3 Re2 30. Kf1 Rae8 31. Qd3 R2e7 32. Kg2 Ne5 33. Qf5 Nc4 34.
Kh3 Be3 35. Qd3 Nd2 36. Rbe1 Bxf2 37. Rxe7 Rxe7 38. Qxc3 Be3 39. Re1 Nd5 40.
Qd3 c6 41. Kg2 h5 42. b5 h4 43. bxc6 h3+ 44. Kxh3 Nxf3 45. Qxd5 1-0

[Event "FRA-chT1 0910"]
[Site "France"]
[Date "2009.12.12"]
[Round "6.3"]
[White "Delorme, Alban"]
[Black "Borzakian, Manouk"]
[Result "1-0"]
[WhiteElo "2253"]
[BlackElo "2251"]
[PlyCount "67"]
[EventDate "2009.09.27"]
[EventType "team-match"]
[EventRounds "11"]
[EventCountry "FRA"]
[SourceDate "2009.07.26"]

1. e4 d6 2. d4 g6 3. Nc3 Bg7 4. f4 Nf6 5. Nf3 O-O 6. Be3 b6 7. Bd3 Bb7 8. Qd2
c5 9. d5 Na6 10. h3 Nc7 11. a4 a6 12. O-O b5 13. b3 b4 14. Ne2 e6 15. dxe6 fxe6
16. Ng3 Nxe4 17. Bxe4 d5 18. Bxc5 dxe4 19. Bxf8 Bxa1 20. Rxa1 Qxd2 21. Nxd2
Rxf8 22. Ngxe4 Rxf4 23. Re1 Bd5 24. g3 Rf8 25. Nc5 Rc8 26. Nde4 Kg7 27. c4 bxc3
28. Nxc3 Kf6 29. b4 Bc4 30. Nd7+ Ke7 31. Nb6 Rb8 32. Nxc4 Rxb4 33. Ne5 Rb3 34.
Re3 1-0

[Event "FRA-chT1 0910"]
[Site "France"]
[Date "2009.12.12"]
[Round "6.4"]
[White "Saada, Julien"]
[Black "Stephan, Victor"]
[Result "1/2-1/2"]
[WhiteElo "2318"]
[BlackElo "2233"]
[PlyCount "116"]
[EventDate "2009.09.27"]
[EventType "team-match"]
[EventRounds "11"]
[EventCountry "FRA"]
[SourceDate "2009.07.26"]

1. d4 Nf6 2. Bg5 Ne4 3. Bf4 c5 4. f3 Qa5+ 5. c3 Nf6 6. d5 Qb6 7. Bc1 e6 8. c4
g6 9. e4 d6 10. Ne2 Bg7 11. Ng3 O-O 12. Be2 Nbd7 13. O-O exd5 14. cxd5 h5 15.
Nc3 c4+ 16. Rf2 Nh7 17. Na4 Qd4 18. Bf4 b5 19. Nc3 Qb6 20. a4 Bd4 21. Nh1 b4
22. Nb5 Bxf2+ 23. Nxf2 Ne5 24. Qd2 a6 25. Be3 Qb8 26. Nd4 Bd7 27. h3 Rc8 28.
Rc1 Bxa4 29. f4 Nd7 30. Nc6 Bxc6 31. dxc6 Rxc6 32. Bxc4 Rxc4 33. Rxc4 a5 34. e5
Qb5 35. Rd4 Nhf8 36. Rxd6 a4 37. Rd5 Qc6 38. Rd6 Qb5 39. Ne4 a3 40. bxa3 bxa3
41. Qa2 Qb2 42. Rd2 Qxa2 43. Rxa2 Ne6 44. Kf2 Ra4 45. Nc3 Rc4 46. Ne2 Ra4 47.
Bc1 g5 48. Rxa3 Rxa3 49. Bxa3 gxf4 50. Bd6 Kg7 51. Kf3 Kg6 52. Nxf4+ Nxf4 53.
Kxf4 Nb6 54. g4 Nd5+ 55. Kf3 hxg4+ 56. Kxg4 Ne3+ 57. Kf3 Nf5 58. Kf4 f6 1/2-1/2

[Event "FRA-chT1 0910"]
[Site "France"]
[Date "2009.12.12"]
[Round "6.5"]
[White "Sorin, Baptiste"]
[Black "Bedouin, Xavier"]
[Result "1/2-1/2"]
[WhiteElo "2214"]
[BlackElo "2351"]
[PlyCount "86"]
[EventDate "2009.09.27"]
[EventType "team-match"]
[EventRounds "11"]
[EventCountry "FRA"]
[SourceDate "2009.07.26"]

1. e4 c5 2. Nf3 Nc6 3. d4 cxd4 4. Nxd4 g6 5. c4 Nf6 6. Nc3 d6 7. Be2 Nxd4 8.
Qxd4 Bg7 9. Be3 O-O 10. Qd2 a5 11. O-O a4 12. f3 Qa5 13. Rac1 Be6 14. Nd5 Qxd2
15. Nxe7+ Kh8 16. Bxd2 Rfe8 17. Nd5 Nxd5 18. cxd5 Bxd5 19. Bb5 Re5 20. Bxa4
Bxa2 21. b3 Rc5 22. Bb4 b5 23. Bxc5 bxa4 24. Bxd6 axb3 25. e5 b2 26. Rcd1 g5
27. Rfe1 h5 28. g3 Kh7 29. Kf2 Kg6 30. Ke3 Kf5 31. Kd3 Ra5 32. h3 Bxe5 33. g4+
hxg4 34. fxg4+ Ke6 35. Bxe5 Rxe5 36. Kc2 b1=Q+ 37. Rxb1 Bxb1+ 38. Rxb1 Re2+ 39.
Kd3 Rh2 40. Ke4 Rxh3 41. Rb6+ Ke7 42. Kf5 Rf3+ 43. Kxg5 Rf1 1/2-1/2

[Event "FRA-chT1 0910"]
[Site "France"]
[Date "2009.12.12"]
[Round "6.7"]
[White "Lebreton, Flavien"]
[Black "Fougerit, Valentin"]
[Result "1-0"]
[WhiteElo "2037"]
[BlackElo "2239"]
[PlyCount "85"]
[EventDate "2009.09.27"]
[EventType "team-match"]
[EventRounds "11"]
[EventCountry "FRA"]
[SourceDate "2009.07.26"]

1. d4 Nf6 2. c4 e6 3. Nf3 d5 4. Nc3 c6 5. e3 a6 6. b3 Bb4 7. Bd2 O-O 8. Bd3
Nbd7 9. Qc2 Qe7 10. Ne5 c5 11. O-O Rd8 12. f4 cxd4 13. exd4 dxc4 14. bxc4 Nf8
15. Be3 Bd7 16. Ne4 Nxe4 17. Bxe4 f6 18. Nxd7 Rxd7 19. a3 Ba5 20. Bf2 Rc8 21.
Qa4 Bc3 22. Rad1 Rcd8 23. c5 f5 24. Bf3 Qf6 25. d5 exd5 26. Qb3 Kh8 27. Bxd5
Ne6 28. Bxe6 Rxd1 29. Rxd1 Rxd1+ 30. Qxd1 Qxe6 31. Qd8+ Qg8 32. Qd7 Qb3 33.
Qc8+ Qg8 34. Qxb7 Qd8 35. Qxa6 h6 36. Qd6 Qe8 37. c6 Be1 38. c7 Kh7 39. Qe5
Bxf2+ 40. Kxf2 Qd7 41. h3 h5 42. a4 h4 43. Qc3 1-0

[Event "FRA-chT1 0910"]
[Site "France"]
[Date "2009.12.12"]
[Round "6.8"]
[White "Le Bail, Clara"]
[Black "Nadin, Stephanie"]
[Result "1-0"]
[WhiteElo "2064"]
[BlackElo "1814"]
[PlyCount "45"]
[EventDate "2009.09.27"]
[EventType "team-match"]
[EventRounds "11"]
[EventCountry "FRA"]
[SourceDate "2009.07.26"]

1. d4 d5 2. c4 e6 3. g3 c6 4. Bg2 Bb4+ 5. Bd2 Qe7 6. Nf3 Nf6 7. a3 Bxd2+ 8.
Nfxd2 Nbd7 9. Nc3 O-O 10. O-O dxc4 11. Nxc4 Nd5 12. Qc2 Nxc3 13. Qxc3 Rb8 14.
b4 Re8 15. Rfd1 f5 16. Ne5 Nxe5 17. dxe5 Bd7 18. Rd6 Red8 19. Rad1 Be8 20. Qd4
Rxd6 21. exd6 Qd8 22. d7 Bh5 23. Qxa7 1-0

[Event "FRA-chT1 0910"]
[Site "France"]
[Date "2009.12.13"]
[Round "7.2"]
[White "Delorme, Axel"]
[Black "Kulaots, Kaido"]
[Result "0-1"]
[WhiteElo "2424"]
[BlackElo "2584"]
[PlyCount "37"]
[EventDate "2009.09.27"]
[EventType "team-match"]
[EventRounds "11"]
[EventCountry "FRA"]
[SourceDate "2009.07.26"]
[WhiteTeam "Clichy"]
[BlackTeam "Gif/yvette"]

1. e4 c5 2. Nf3 e6 3. c3 d5 4. exd5 Qxd5 5. d4 Nf6 6. Be3 Be7 7. a3 Ng4 8. Bd3
Nxe3 9. fxe3 Nd7 10. b4 cxd4 11. exd4 O-O 12. c4 Qh5 13. O-O a5 14. b5 e5 15.
Qe2 Bd6 16. c5 Bb8 17. c6 bxc6 18. bxc6 Nf6 19. Nxe5 {suite illisible} 0-1

[Event "FRA-chT1 0910"]
[Site "France"]
[Date "2009.12.13"]
[Round "7.3"]
[White "Seret, Jean Luc"]
[Black "Lagarde, Maxime"]
[Result "0-1"]
[WhiteElo "2384"]
[BlackElo "2393"]
[PlyCount "66"]
[EventDate "2009.09.27"]
[EventType "team-match"]
[EventRounds "11"]
[EventCountry "FRA"]
[SourceDate "2009.07.26"]

1. e4 c5 2. Nf3 d6 3. d4 cxd4 4. Nxd4 Nf6 5. Nc3 Nc6 6. Bc4 e6 7. O-O Be7 8.
Bb3 O-O 9. f4 Bd7 10. Be3 Nxd4 11. Bxd4 Bc6 12. Qd3 b5 13. e5 dxe5 14. fxe5 Nd7
15. Qe3 Bg5 16. Qe2 Bh6 17. Rad1 Qh4 18. Be3 Bxe3+ 19. Qxe3 a5 20. Rd6 Rac8 21.
Rfd1 a4 22. Rxc6 Rxc6 23. Rxd7 axb3 24. axb3 b4 25. Rd4 Qe7 26. Ne4 Rd8 27. Nd6
f6 28. Nc4 fxe5 29. Qxe5 Rf8 30. Ne3 Rc5 31. Qe4 Qf6 32. Qh4 g5 33. Rg4 h5 0-1

[Event "FRA-chT1 0910"]
[Site "France"]
[Date "2009.12.13"]
[Round "7.4"]
[White "Pujos, Stephane"]
[Black "Doucet, Christian"]
[Result "1/2-1/2"]
[WhiteElo "2301"]
[BlackElo "2240"]
[PlyCount "95"]
[EventDate "2009.09.27"]
[EventType "team-match"]
[EventRounds "11"]
[EventCountry "FRA"]
[SourceDate "2009.07.26"]

1. f4 d5 2. Nf3 Nf6 3. g3 g6 4. Bg2 Bg7 5. O-O O-O 6. d3 c5 7. Qe1 Nc6 8. e4
dxe4 9. dxe4 e5 10. Nc3 Nd4 11. fxe5 Ng4 12. Nd5 Nxf3+ 13. Rxf3 Nxe5 14. Rc3 b6
15. Bf4 Be6 16. Rd1 Bxd5 17. exd5 Qd6 18. Re3 Rae8 19. Qe2 Re7 20. Re1 Rfe8 21.
Kh1 f5 22. h3 Bf6 23. g4 g5 24. Bxe5 Rxe5 25. Qd3 Rxe3 26. Rxe3 Rxe3 27. Qxe3
fxg4 28. hxg4 Qe5 29. Qxe5 Bxe5 30. b3 Kf7 31. Be4 h6 32. Kg2 Kf6 33. Kf3 Bd6
34. Ke3 Ke5 35. a4 c4 36. bxc4 a5 37. Bg6 Bc5+ 38. Kd3 Kf4 39. Bh5 Kf3 40. Kd2
Ke4 41. Bf7 Bd6 42. c5 Bxc5 43. Kc3 Ke5 44. Kd3 Bg1 45. Be6 Bc5 46. Kc4 Kd6 47.
Kd3 Ke5 48. Kc4 1/2-1/2

[Event "FRA-chT1 0910"]
[Site "France"]
[Date "2009.12.13"]
[Round "7.6"]
[White "Olivier, Pierre"]
[Black "Desbonnes, Samy"]
[Result "1/2-1/2"]
[WhiteElo "2215"]
[BlackElo "2331"]
[PlyCount "85"]
[EventDate "2009.09.27"]
[EventType "team-match"]
[EventRounds "11"]
[EventCountry "FRA"]
[SourceDate "2009.07.26"]

1. Nf3 Nf6 2. c4 g6 3. Nc3 Bg7 4. g3 d6 5. Bg2 O-O 6. O-O e5 7. d3 Re8 8. Rb1
a5 9. a3 Nc6 10. Bg5 h6 11. Bxf6 Bxf6 12. b4 axb4 13. axb4 Bg7 14. b5 Nd4 15.
Nxd4 exd4 16. Nd5 Bg4 17. Re1 Ra2 18. Bf3 Bxf3 19. exf3 Re6 20. Ra1 Rxa1 21.
Qxa1 Kh7 22. Qa5 Rxe1+ 23. Qxe1 c6 24. bxc6 bxc6 25. Qe7 Qb8 26. Nc7 Qb1+ 27.
Kg2 Qxd3 28. Qxf7 Qf5 29. Qxf5 gxf5 30. Kf1 Kg6 31. Ke2 Kf7 32. Na6 Ke6 33. Nb4
Kd7 34. f4 Bf8 35. Nc2 c5 36. Kd3 Ke6 37. Ne1 Be7 38. Nf3 Bd8 39. Ke2 Bc7 40.
Kd3 Bd8 41. h3 Bc7 42. Nh4 Bd8 43. Nf3 1/2-1/2

[Event "FRA-chT1 0910"]
[Site "France"]
[Date "2009.12.13"]
[Round "7.7"]
[White "Seret, Jean Renaud"]
[Black "Coste, Thierry"]
[Result "1/2-1/2"]
[WhiteElo "2181"]
[BlackElo "2193"]
[PlyCount "121"]
[EventDate "2009.09.27"]
[EventType "team-match"]
[EventRounds "11"]
[EventCountry "FRA"]
[SourceDate "2009.07.26"]

1. e4 c5 2. Nf3 g6 3. d4 cxd4 4. Nxd4 Bg7 5. Nc3 Nc6 6. Nb3 d6 7. Bc4 Bd7 8.
O-O Nf6 9. Re1 O-O 10. Bf1 Rc8 11. Nd5 Nxd5 12. exd5 Ne5 13. c3 b5 14. Bg5 Re8
15. Qe2 a6 16. Rad1 Qc7 17. Nd4 e6 18. dxe6 Bxe6 19. Nxe6 Rxe6 20. Qd2 Rce8 21.
Bf4 Qe7 22. Bxe5 Bxe5 23. g3 Qa7 24. Re3 Qb6 25. Qd5 Bf6 26. Rxe6 Rxe6 27. Rd2
Kg7 28. Re2 Qc5 29. Qxc5 dxc5 30. Rxe6 fxe6 31. a4 bxa4 32. Bxa6 a3 33. bxa3
Bxc3 34. Kf1 Kf6 35. Ke2 Ke5 36. Kd3 Be1 37. f4+ Kd6 38. Ke4 Bc3 39. Bc4 Ba5
40. g4 Be1 41. h3 Ba5 42. h4 Bd8 43. g5 Ba5 44. Be2 Ke7 45. h5 Bc7 46. hxg6
hxg6 47. a4 Ba5 48. Bd3 Bd2 49. Kf3 Kd7 50. Bc4 Ke7 51. Ke4 Ba5 52. Ke3 Bc7 53.
Bd3 Kf7 54. Kf3 Ba5 55. Ke3 Bb6 56. Bc4 Ke7 57. Ke4 Bc7 58. Bb5 Ba5 59. Kd3 Bc7
60. Ke4 Ba5 61. Bd3 1/2-1/2

[Event "FRA-chT1 0910"]
[Site "France"]
[Date "2009.12.13"]
[Round "7.1"]
[White "Roser, Kevin"]
[Black "Chomet, Pascal"]
[Result "1-0"]
[WhiteElo "2433"]
[BlackElo "2338"]
[PlyCount "79"]
[EventDate "2009.09.27"]
[EventType "team-match"]
[EventRounds "11"]
[EventCountry "FRA"]
[SourceDate "2009.07.26"]
[WhiteTeam "Issy Les Moulineaux"]
[BlackTeam "Bois-Colombes"]

1. e4 e5 2. Nf3 Nc6 3. Bb5 a6 4. Ba4 Nf6 5. O-O Be7 6. Re1 b5 7. Bb3 d6 8. c3
O-O 9. h3 Bb7 10. d4 Re8 11. Nbd2 Bf8 12. a3 Na5 13. Ba2 c5 14. b4 Nc6 15. d5
Nb8 16. bxc5 dxc5 17. c4 Nbd7 18. Bb2 Qc7 19. Rb1 b4 20. Bb3 Nb6 21. Rc1 a5 22.
axb4 axb4 23. Qc2 Nh5 24. Ra1 Rxa1 25. Rxa1 Nf4 26. Nf1 Bc8 27. Ba4 Re7 28. Kh2
g6 29. Ng3 Bg7 30. Bb5 Bf6 31. Ne2 Nh5 32. Ng3 Nf4 33. Ne2 Nh5 34. g4 Bg7 35.
gxh5 f5 36. Ng5 Qd6 37. Rg1 Ra7 38. hxg6 hxg6 39. Ra1 Rxa1 40. Bxa1 1-0

[Event "FRA-chT1 0910"]
[Site "France"]
[Date "2009.12.13"]
[Round "7.3"]
[White "Cotonnec, Melkior"]
[Black "Plane, Boris"]
[Result "1-0"]
[WhiteElo "2276"]
[BlackElo "2170"]
[PlyCount "89"]
[EventDate "2009.09.27"]
[EventType "team-match"]
[EventRounds "11"]
[EventCountry "FRA"]
[SourceDate "2009.07.26"]

1. e4 e5 2. f4 exf4 3. Bc4 d5 4. Bxd5 Nf6 5. Nc3 c6 6. Bb3 g6 7. Nf3 Bg7 8. d4
Nh5 9. Ne2 g5 10. h3 h6 11. Qd3 O-O 12. Bd2 Na6 13. O-O-O Be6 14. Bxe6 fxe6 15.
e5 c5 16. Qc4 Qe7 17. Bc3 Rac8 18. d5 b5 19. Qxb5 Nc7 20. d6 Nxb5 21. dxe7 Rfe8
22. Ba5 Rxe7 23. c4 Nc7 24. Rd6 Ne8 25. Ra6 Kf7 26. Rd1 Bh8 27. Nc3 Nhg7 28. b3
Nf5 29. Nb5 Ne3 30. Rd2 g4 31. hxg4 Nxg4 32. Re2 Kg6 33. Rxa7 Rxa7 34. Nxa7 Ra8
35. Bb6 Kf5 36. Nc6 Ne3 37. Bxc5 Ke4 38. Ncd4 Kd3 39. Ne1+ Ke4 40. Nxe6 Bxe5
41. g3 Bd6 42. gxf4 Bxc5 43. Nxc5+ Kxf4 44. Ncd3+ Ke4 45. Nc2 1-0

[Event "FRA-chT1 0910"]
[Site "France"]
[Date "2009.12.13"]
[Round "7.4"]
[White "Lalande, Jean Louis"]
[Black "Lavabre, Fabien"]
[Result "0-1"]
[WhiteElo "2071"]
[BlackElo "2223"]
[PlyCount "62"]
[EventDate "2009.09.27"]
[EventType "team-match"]
[EventRounds "11"]
[EventCountry "FRA"]
[SourceDate "2009.07.26"]

1. d4 Nf6 2. Nf3 g6 3. Bf4 Bg7 4. e3 O-O 5. c3 d5 6. Bd3 b6 7. Nbd2 Bb7 8. Ne5
c5 9. h4 Nfd7 10. Ndf3 Nc6 11. Nxc6 Bxc6 12. h5 e5 13. dxe5 Qe7 14. hxg6 hxg6
15. e6 Qxe6 16. Ng5 Qe7 17. Qg4 Nf6 18. Qh4 Rfe8 19. O-O Qd7 20. Rfe1 Qg4 21.
Qh2 Qh5 22. Qg3 Qg4 23. Qh2 Rad8 24. Rad1 Qh5 25. f3 Qxh2+ 26. Bxh2 Nh5 27. Nh3
Nf4 28. Nxf4 b5 29. Re2 Be5 30. g3 Kg7 31. Kg2 c4 {suite illisible} 0-1

[Event "FRA-chT1 0910"]
[Site "France"]
[Date "2009.12.13"]
[Round "7.5"]
[White "Wittmann, Marc"]
[Black "Gaudron, Fanny"]
[Result "1-0"]
[WhiteElo "2258"]
[BlackElo "2046"]
[PlyCount "87"]
[EventDate "2009.09.27"]
[EventType "team-match"]
[EventRounds "11"]
[EventCountry "FRA"]
[SourceDate "2009.07.26"]

1. e4 e5 2. Nf3 Nc6 3. Bb5 a6 4. Bxc6 dxc6 5. O-O Bg4 6. d3 Qf6 7. Nbd2 Ne7 8.
Re1 Ng6 9. h3 h5 10. hxg4 hxg4 11. Nh2 Rxh2 12. Kxh2 Qh4+ 13. Kg1 g3 14. Nf3
gxf2+ 15. Kf1 fxe1=Q+ 16. Qxe1 Qh1+ 17. Kf2 Bc5+ 18. Kg3 Qh5 19. Be3 Bxe3 20.
Qxe3 f6 21. Kf2 b6 22. g3 O-O-O 23. a4 Nf8 24. a5 Kb7 25. c3 Qf7 26. axb6 cxb6
27. d4 Qb3 28. Qe2 b5 29. dxe5 fxe5 30. Nxe5 Nd7 31. Nxd7 Rxd7 32. Kg2 Re7 33.
Re1 a5 34. e5 Qd5+ 35. Qf3 Kb6 36. Qxd5 cxd5 37. Kf3 Kc5 38. Kf4 d4 39. cxd4+
Kxd4 40. Rd1+ Kc4 41. Kf5 Kc5 42. e6 Kc6 43. Ke5 a4 44. Rc1+ 1-0

[Event "FRA-chT1 0910"]
[Site "France"]
[Date "2009.12.13"]
[Round "7.6"]
[White "Bensaid, Alexandre"]
[Black "Emmenecker, Philippe"]
[Result "0-1"]
[WhiteElo "1905"]
[BlackElo "2180"]
[PlyCount "54"]
[EventDate "2009.09.27"]
[EventType "team-match"]
[EventRounds "11"]
[EventCountry "FRA"]
[SourceDate "2009.07.26"]

1. e4 c5 2. Nf3 Nc6 3. d4 cxd4 4. Nxd4 Nf6 5. Nc3 e5 6. Ndb5 d6 7. Bg5 a6 8.
Na3 Be6 9. Bc4 b5 10. Bd5 Rc8 11. Bxf6 Qxf6 12. Bxc6+ Rxc6 13. Nd5 Qg6 14. Qf3
Bxd5 15. exd5 Rc5 16. O-O Be7 17. b4 Rc7 18. Rac1 Bg5 19. Rcd1 O-O 20. Qb3 Rfc8
21. Rd3 Bf4 22. Rfd1 e4 23. Rh3 Be5 24. Qb1 Rc3 25. Rxc3 Rxc3 26. Qc1 Qh5 27.
g3 Rxa3 0-1